|
|
|
|
| LEADER |
00000nam0a2200000 4500 |
| 001 |
276344 |
| 005 |
20231101234918.0 |
| 020 |
|
|
|a RU
|b 86-5553
|
| 035 |
|
|
|a (RuTPU)RU\TPU\book\299603
|
| 090 |
|
|
|a 276344
|
| 100 |
|
|
|a 20141121d1985 k y0rusy5003 ca
|
| 101 |
0 |
|
|a rus
|
| 102 |
|
|
|a RU
|
| 105 |
|
|
|a y z 000zy
|
| 200 |
1 |
|
|a Проблемы совершенствования хозяйственного механизма в строительном производстве
|e сборник научных трудов
|f Научно-исследовательский институт экономики строительства (НИИЭС) ; под ред. А. Ю. Волкова
|
| 210 |
|
|
|a Москва
|c Изд-во НИИЭС
|d 1985
|
| 215 |
|
|
|a 213 с.
|
| 606 |
1 |
|
|a Строительные организации
|x Экономика
|2 stltpush
|3 (RuTPU)RU\TPU\subj\57690
|9 75548
|
| 610 |
1 |
|
|a хозяйственный механизм
|
| 610 |
1 |
|
|a совершенствование
|
| 610 |
1 |
|
|a проблемы
|
| 610 |
1 |
|
|a строительное производство
|
| 610 |
1 |
|
|a планирование
|
| 610 |
1 |
|
|a интенсификация
|
| 610 |
1 |
|
|a материальные затраты
|
| 610 |
1 |
|
|a заработная плата
|
| 675 |
|
|
|a 69:658
|z rus
|v 3
|
| 702 |
|
1 |
|a Волков
|b А. Ю.
|4 340
|
| 712 |
0 |
2 |
|a Научно-исследовательский институт экономики строительства (НИИЭС)
|2 stltpush
|3 (RuTPU)RU\TPU\col\9543
|
| 801 |
|
0 |
|a RU
|b RuMRKP
|c 19950704
|g psbo
|
| 801 |
|
1 |
|a RU
|b 63413507
|c 20141121
|
| 801 |
|
2 |
|a RU
|b 63413507
|c 20170214
|g RCR
|
| 942 |
|
|
|c BK
|